000 00490nam a2200193Ia 4500
005 20250923150252.0
008 008 250917s9999 xx 000 0 eng d
037 _aTextual
040 _aDSWL
_beng
_cDSWL
041 _aeng
_2eng
084 _qDSWL
245 0 _aAdolscent health care
_cEd.by L S NEINSTEIN
260 _aPhiladelphia
_bLippincott
_c2008
300 _a1152 p.
365 _aUSD
_b125 . 0
925 _g125 . 0
942 _cTEXL
999 _c1461491
_d1461491